| 000 | 00725nam a22002297a 4500 | ||
|---|---|---|---|
| 999 |
_c65719 _d65719 |
||
| 005 | 20240530110840.0 | ||
| 008 | 191223s2005 ua a f 000 0 ara d | ||
| 017 |
_a2005/11689 _bمصر. دار الكتب |
||
| 020 | _a9772091240 | ||
| 040 |
_aEG-CaGPL _cEG-CaGPL |
||
| 082 | 0 | 4 |
_221 _a923.2 _bق/ ع ا |
| 100 | 0 | _aعلى السمان | |
| 245 | 1 | 0 |
_aاوراق عمرى : _bمن اللك ..الى عبدالناصر والسادات / _cتاليف على السمان |
| 250 | _aط.1 | ||
| 260 |
_aالقاهرة : _c2005 |
||
| 300 |
_a576 ص. : _bايض. ؛ _c24 سم. |
||
| 600 | _aعلى السمان | ||
| 650 | 0 | 7 | _2qrmak |
| 651 | _2qrmak | ||
| 942 |
_2ddc _cBK |
||